00709cam a22002411a 4500001001300000003000400013005001700017008004100034010001700075035002000092040002200112042001200134050001400146100004100160245006800201250001200269260005500281300003100336500001400367504004100381650002800422999001700450sa 66003658 DLC20260227112237.0890921s1964 ii a b 000 0 hino  asa 66003658  a(OCoLC)20376746 aDLCcWaUdWUdDLC apremarc00aP121b.D91 aDvivedī, Devīśaṅkara,d1937-10aBhāshā aura bhāshikī /cl̄ekhaka Devi Shanker Dwivedi. a1st ed. aĀgar̄a :bLaksmīnārāyan Agrawala,c[1964] a3, 4, 188 p.bill.c22 cm. aIn Hindi. aIncludes bibliographical references. 0aLanguage and languages. c69038d69038